| 000 | 00368nam a22001337a 4500 | ||
|---|---|---|---|
| 082 |
_a528 _bNAU _cL-31, P-29 |
||
| 100 |
_aH.M,S.O _939678 |
||
| 245 |
_aThe nautical almanac, 1967 _cS.O,H.M |
||
| 260 |
_aWashington D.C. _bHer Majesty's Stationary Office _c1967. |
||
| 300 | _aMisc | ||
| 526 |
_a0 _b0 _c0 _d528_000000000000000_NAU |
||
| 650 |
_aMCE _9379 |
||
| 942 |
_2ddc _cBK |
||
| 999 |
_c544126 _d544126 |
||